| 000 | 01009nam a2200241 i 4500 | ||
|---|---|---|---|
| 001 | 001341345 | ||
| 003 | AM-YeHGA | ||
| 005 | 20250618074632.0 | ||
| 008 | 170227s2016 ai ||||gr|||||000|0darm|| | ||
| 020 | _a9789939826547 | ||
| 040 | _aAM-YeHGA | ||
| 041 | 0 | _aArmenian | |
| 100 | 1 | _aԱվագյան, Ինգա Էդուարդի | |
| 245 | 1 | 0 |
_aՄեր գնդի ճակատագիրը : _bՀովհաննես Թռչունյան-Հովհաննիսյանի հուշապատումը / _cԻնգա Ավագյան; Խմբ.՝ Ա. Մկրտչյան |
| 260 |
_aԳյումրի : _bԷլդորադո, _c2016. |
||
| 300 |
_a332 էջ : _bլուսանկ. |
||
| 440 | 0 | _aՄեծ եղեռնը վերապրածները | |
| 650 | 1 | 4 |
_aՀայոց ցեղասպանություն (1915-1923) _vԱնձնական պատմություններ _95101 |
| 650 | 1 | 4 |
_aՀայ հուշագրություն _95766 |
| 700 | 1 |
_aՄկրտչյան, Անահիտ _eխմբագիր _4edt _eսրբագրիչ _4crr |
|
| 942 |
_2udc _cBK |
||
| 090 | _c382333 | ||
| 999 |
_c380409 _d380409 |
||